000 10619cam a2202173 a 4500
999 _c53162
001 11489897
003 LIBRIS
005 20210218132408.0
008 090625s2009 sw |||||||||||000 0|swe|c
020 _a9789144056135
035 _a(Mo)b1776589
040 _aLGEN
_dKd
_ea
041 _aswe
060 4 _aWA 309
082 4 _a613.0424
_222
084 _aVnaa
_2kssb/8
084 _aOhja
_2kssb/8
084 _aVnaa
_2kssb/8
084 _aOhja
_2kssb/8
084 _aVnaa
_2kssb/8
084 _aOhja-c
_2kssb/8
245 1 0 _aKvinnors hälsa :
_bfakta och myter /
_credaktörer: Gunilla Jarlbro, Charlotte Erlanson-Albertsson.
250 _a1. uppl.
264 1 _aLund :
_bStudentlitteratur,
_c2009
264 3 _aUngern
300 _a141 s.
_c23 cm
500 _5Li
_aPliktex.
500 _5Mo
_asvenska
505 8 _aDen starka kvinnokroppen -- Den medialiserade kvinnokroppen -- Den sockerälskande kvinnokroppen -- Den missnöjda kvinnokroppen -- Den misshandlade kvinnokroppen -- Den sjukskrivna kvinnokroppen -- Den utbrända kvinnokroppen -- Den ekonomiskt utsatta kvinnokroppen -- Vilka var nu myterna?
650 7 _aKvinnor
_0https://id.kb.se/term/sao/Kvinnor
_2sao
650 7 _aKvinnokroppen
_0https://id.kb.se/term/sao/Kvinnokroppen
_2sao
650 7 _aHälsa
_0https://id.kb.se/term/sao/H%C3%A4lsa
_2sao
650 2 _aWomen
650 2 _aHealth
650 2 _aWomen's Health
650 7 _aHälsa
_2kao
650 7 _aHealth
_2kao//eng
650 7 _aKropp
_2kao
650 7 _aBody
_2kao//eng
650 7 _aMisshandel
_2kao
650 7 _aAbuse
_2kao//eng
650 7 _aVikten
_2kao
650 7 _aBody weight
_2kao//eng
650 7 _aSjukfrånvaro
_2kao
650 7 _aSickness absence
_2kao//eng
650 7 _aKönsolikheter
_2kao
650 7 _aGender differences
_2kao//eng
650 7 _aVåld
_2kao
650 7 _aViolence
_2kao//eng
650 0 _aWomen
650 0 _aHealth
650 4 _aHälsa
650 4 _aKvinnor
650 4 _aKvinnokroppen
650 7 _aKvinnokroppen
_0https://id.kb.se/term/sao/Kvinnokroppen
_2sao
650 7 _aKvinnor
_xhälsa
_2sao
650 2 _awomen's health
653 _aKvinnor
653 _aHälsa
653 _aKvinnors hälsa
655 4 _5Mo
_aBok
698 _a20090923
700 1 _aJarlbro, Gunilla,
_d1953-
_4edt
_0https://libris.kb.se/20dghp3l48qljj9#it
700 1 _aErlanson-Albertsson, Charlotte,
_d1947-
_4edt
_0https://libris.kb.se/nl0222d629pg2n5#it
887 _a{"@id":"7rkkd33k3rjtr5g","modified":"2019-07-15T14:19:44.383+02:00","checksum":"8847728268"}
_2librisxl
887 _a{"@id":"7ckn5b1d28dqgc2","modified":"2012-03-05T16:10:16+01:00","checksum":"160612725503"}
_2librisxl
887 _a{"@id":"48gtx0790p6tr5c","modified":"2012-03-09T10:45:38+01:00","checksum":"160533665750"}
_2librisxl
887 _a{"@id":"pt13m04v4x8dbmv","modified":"2016-06-20T10:04:58+02:00","checksum":"154777434622"}
_2librisxl
887 _a{"@id":"bgnrmmjh0cc0g19","modified":"2011-06-22T13:11:54+02:00","checksum":"160981141384"}
_2librisxl
887 _a{"@id":"hsrd1wdnfcb9413m","modified":"2019-06-17T15:54:44.334+02:00","checksum":"121468208957"}
_2librisxl
887 _a{"@id":"48gjmhk94d710bt","modified":"2017-02-08T08:52:53+01:00","checksum":"148913611173"}
_2librisxl
887 _a{"@id":"59hj1j4b2ll363b","modified":"2009-07-03T14:15:44+02:00","checksum":"117052755542"}
_2librisxl
887 _a{"@id":"rw357r7x4qrchgt","modified":"2009-09-18T17:12:01+02:00","checksum":"157471054397"}
_2librisxl
887 _a{"@id":"48gjlsl905xf1xm","modified":"2009-09-10T13:00:05+02:00","checksum":"156464284544"}
_2librisxl
887 _a{"@id":"37fj9nl81hznrd4","modified":"2011-10-11T14:06:36+02:00","checksum":"165958451591"}
_2librisxl
887 _a{"@id":"mrz0l33s54grggh","modified":"2009-08-04T09:56:01+02:00","checksum":"157762263634"}
_2librisxl
887 _a{"@id":"mrz1k33s1h56bvh","modified":"2014-10-15T15:59:50+02:00","checksum":"112619004304"}
_2librisxl
887 _a{"@id":"glsvzrqm5v740jl","modified":"2009-09-17T15:42:51+02:00","checksum":"167629537035"}
_2librisxl
887 _a{"@id":"dpsl623zbb2nmt8h","modified":"2019-07-15T14:01:15.289+02:00","checksum":"110394264766"}
_2librisxl
887 _a{"@id":"chpq7htj5nw5k7q","modified":"2009-07-15T13:23:11+02:00","checksum":"161429190811"}
_2librisxl
887 _a{"@id":"v068h1013w82178","modified":"2009-09-29T15:39:24+02:00","checksum":"116311436430"}
_2librisxl
887 _a{"@id":"59hj4q1b137q01q","modified":"2009-08-05T10:15:38+02:00","checksum":"124748540138"}
_2librisxl
887 _a{"@id":"hmtvlcbn3lcbd08","modified":"2013-05-17T12:43:56+02:00","checksum":"157463534282"}
_2librisxl
887 _a{"@id":"v06823814k19s1t","modified":"2016-02-10T12:49:50+01:00","checksum":"155434356396"}
_2librisxl
887 _a{"@id":"bgnqwngh404rg1b","modified":"2009-12-17T23:17:01+01:00","checksum":"153881002037"}
_2librisxl
887 _a{"@id":"mrz14tts57vpdxg","modified":"2016-10-25T12:25:30+02:00","checksum":"157818004924"}
_2librisxl
887 _a{"@id":"qv2488hw316zr5m","modified":"2017-11-23T13:48:55+01:00","checksum":"108306522414"}
_2librisxl
887 _a{"@id":"v068bst15gd1j0b","modified":"2018-01-04T18:00:15+01:00","checksum":"112260491733"}
_2librisxl
887 _a{"@id":"hmtwqlvn4skxkgm","modified":"2009-08-28T13:04:00+02:00","checksum":"158235040741"}
_2librisxl
887 _a{"@id":"15cdxh960dfltx2","modified":"2010-10-08T11:29:55+02:00","checksum":"152460805204"}
_2librisxl
887 _a{"@id":"djqscm7k3j4df3m","modified":"2016-10-17T10:18:52+02:00","checksum":"110543358230"}
_2librisxl
887 _a{"@id":"qv26bnvw0snkx7q","modified":"2010-05-12T10:09:02+02:00","checksum":"153862008488"}
_2librisxl
887 _a{"@id":"kpwzr3wq27zfwjw","modified":"2009-08-24T10:22:09+02:00","checksum":"161582452912"}
_2librisxl
887 _a{"@id":"mrzj8whs2w5r59d","modified":"2020-01-28T12:31:43.831+01:00","checksum":"112261516934"}
_2librisxl
887 _a{"@id":"ns01rgbt44mtps2","modified":"2014-02-19T14:46:58+01:00","checksum":"115553562149"}
_2librisxl
887 _a{"@id":"glsv2ndm01g2hqp","modified":"2014-02-15T16:19:51+01:00","checksum":"149829760730"}
_2librisxl
887 _a{"@id":"tz56xll01xm8mrw","modified":"2009-08-11T09:02:39+02:00","checksum":"120875929251"}
_2librisxl
887 _a{"@id":"lqx2hpzr0cbrhrl","modified":"2015-01-12T15:51:04+01:00","checksum":"111107640056"}
_2librisxl
887 _a{"@id":"tz579l80005wgx7","modified":"2009-09-11T08:54:10+02:00","checksum":"159626372911"}
_2librisxl
887 _a{"@id":"8dlnxn8f5r019l6","modified":"2011-12-27T16:06:30+01:00","checksum":"116914163052"}
_2librisxl
887 _a{"@id":"9fmpxtxg378p260","modified":"2009-10-05T10:53:31+02:00","checksum":"117557274229"}
_2librisxl
887 _a{"@id":"6bjrqmhc4h6bh67","modified":"2011-04-13T09:58:56+02:00","checksum":"166374287775"}
_2librisxl
900 1 s _6700
_d1947-
_uErlanson-Albertsson, Charlotte,
_d1947-
900 1 s _6700
_d1947-
_uErlanson-Albertsson, Charlotte,
_d1947-
942 _2z
_cBOOK